000 00711nas a22002417a 4500
001 K121238
007 ta
008 200325b2020 ||||| |||| 00| 0 eng d
041 _aeng
100 _aLavanchy, Rene
245 _a£600bn
_bWho's picking up the tab
260 _c2020
490 _aRICS Modus
_vMarch 2020, 26-29(4)
520 _aExamines the role of the private sector if the UK government's major infrastructure spending is to be financed by borrowing rather than private investment,
650 _aFINANCE
650 _aTRANSPORT
650 _aENERGY
650 _aFLOOD DEFENSES
650 _aWATER
650 _aUTILITIES
651 _aUnited Kingdom
690 _96246
_aInfrastructure
999 _c121238
_d121238